000 00290nam a22001337a 4500
008 170829b xxu||||| |||| 00| 0 eng d
020 _a2901885219250
041 _aeng
080 _a070
100 _a39
101 _aMRD
245 _aMASS COMMUNICATION
_cCOPELAND.D
942 _2udc
_cBK
999 _c25239
_d25239